000 00536nam a22001697a 4500
003 OSt
005 20171010095507.0
008 120810t xxu||||| |||| 00| 0 eng d
040 _aMMSU
_cULS
100 _aApilado, Digna B.
_911975
245 _aThe Ilocos in the shadow of The Revolution, 1898-1901
_cDigna B. Apilado
260 _c1987
300 _avii, 242 leaves
_c28 cm.
500 _aThesis (MA History) -- University of the Philippines, Diliman, Quezon City
504 _aBibliography: leaves 189-242
942 _2ddc
_cTHEDIS
999 _c9692
_d9692